000 00380nam a2200133Ia 4500
008 220217s9999||||xx |||||||||||||| ||und||
020 _a9789386668509
082 _a624.11
100 _aPilli, S.C and Balasubramanya, N
_910400
245 0 _aMechanics of materials
260 _aCengage learning
_bNew Delhi
_c2019
300 _aXIII, 548p.
_b550
650 _aMaterial Science
999 _c188881
_d188881